Dictionary of Legal Words and Phrases / (Record no. 2957)

MARC details
000 -LEADER
fixed length control field 00499nam a22001697a 4500
005 - DATE AND TIME OF INPUT
control field 20240830064347.0
008 - DATA ELEMENTS--GENERAL INFORMATION
fixed length control field 240830b |||||||| |||| 00| 0 eng d
020 ## - INTERNATIONAL STANDARD BOOK NUMBER
International Standard Book Number 0409018953
041 ## - LANGUAGE CODE
Language code of text English
082 ## - SHELF NUMBER
DDC number 349 DIC
100 ## - MAIN AUTHOR
Language of a work English
245 ## - TITLE STATEMENT
Title Dictionary of Legal Words and Phrases /
Statement of responsibility, etc. C.J Claassen
260 ## - PUBLICATION, DISTRIBUTION, ETC.
Place of publication, distribution, etc. Durban:
Name of publisher, distributor, etc. Butterworth and Company Ltd,
Date of publication, distribution, etc. 1978
300 ## - PHYSICAL DESCRIPTION
Other physical details v, 112 pages;
Dimensions 22 cm.
650 ## - SUBJECT`
Broad subject Legal practice
Own subject terms Law
942 ## - ADDED ENTRY ELEMENTS (KOHA)
Item type Books
942 ## - ADDED ENTRY ELEMENTS (KOHA)
-- ALISON_BN_VRIES
Holdings
Source of classification or shelving scheme Volume number (bound volume or other part) Not for loan Collection code Home library Current library Shelving location Date acquired Full call number Barcode Price effective from Koha item type
Dewey Decimal Classification First Cummulative Supplement 1978   DICTIONARY LAW SOCIETY OF NAMIBIA LIBRARY - WINDHOEK LAW SOCIETY OF NAMIBIA LIBRARY - WINDHOEK DICTIONARY 08/30/2024 349 DIC LSN/2023/4108 08/30/2024 Books
Dewey Decimal Classification Second Cumulative Supplement 1978   DICTIONARY LAW SOCIETY OF NAMIBIA LIBRARY - WINDHOEK LAW SOCIETY OF NAMIBIA LIBRARY - WINDHOEK DICTIONARY 08/30/2024 349 DIC LSN/2023/4107 08/30/2024 Books
Dewey Decimal Classification Third Cumulative Supplement 1982   DICTIONARY LAW SOCIETY OF NAMIBIA LIBRARY - WINDHOEK LAW SOCIETY OF NAMIBIA LIBRARY - WINDHOEK DICTIONARY 08/30/2024 349 DIC LSN/2023/4109 08/30/2024 Books
Dewey Decimal Classification Fourth Cumulative Supplement 1982   DICTIONARY LAW SOCIETY OF NAMIBIA LIBRARY - WINDHOEK LAW SOCIETY OF NAMIBIA LIBRARY - WINDHOEK DICTIONARY 08/30/2024 349 DIC LSN/2023/4110 08/30/2024 Books
Dewey Decimal Classification Fifth Cumulative Supplement 1982   DICTIONARY LAW SOCIETY OF NAMIBIA LIBRARY - WINDHOEK LAW SOCIETY OF NAMIBIA LIBRARY - WINDHOEK DICTIONARY 08/30/2024 349 DIC LSN/2023/4111 08/30/2024 Books